| 000 | 01049nam a22002417a 4500 | ||
|---|---|---|---|
| 999 |
_c3281 _d3281 |
||
| 003 | AR-CdUCM | ||
| 008 | 190306b ||||| |||| 00| 0 spa d | ||
| 020 | _a978-612-46865-8-0 | ||
| 040 |
_aMUNICIPALIDAD PROVINCIAL DEL CUSCO _cBIBLIOTECA MUNICIPAL DEL CUSCO |
||
| 082 |
_22 ed. _a869.56 / _bT72 |
||
| 100 |
_aTord, Luis Enrique _92834 |
||
| 245 | _aSol de los soles / | ||
| 260 |
_aCusco : _bMinisterio de Cultura, Dirección Desconcentrada de Cultura Cusco, _c2015. |
||
| 300 |
_a350 páginas ; _bilustraciones, _c21 cm. |
||
| 500 | _aContiene ilustraciones de "Nueva Crónica y Buen Gobierno" de Felipe Guaman Poma de Ayala. | ||
| 505 | _aResumen: Sol de los Soles es una notable reconstrucción literaria del período de gobierno del Virrey Francisco de Toledo que transcurre en el Cusco, durante el año de 1572. | ||
| 650 |
_aNovela Peruana _910636 |
||
| 650 |
_aNovela histórica _92493 |
||
| 650 |
_aVirreinato del Perú _92484 |
||
| 710 |
_aDirección Desconcentrada de Cultura (Cusco) _910927 |
||
| 942 |
_2ddc _cLIBROS |
||
| 945 | _araen | ||